| 000 | 01340nam a2200205Ia 4500 | ||
|---|---|---|---|
| 001 | b7128-53167 | ||
| 003 | IT-MiCISF | ||
| 008 | 161014s9999||||xx |||||||||||||| ||und|| | ||
| 040 |
_aIT-MiCISF _cIT-MiCISF |
||
| 041 | _ait | ||
| 100 | _aLazzarini Paola | ||
| 245 | 0 |
_aIl paradiso in grembo _bL'esperienza spirituale dell'allattamento |
|
| 250 | _a1a ed. | ||
| 260 |
_a Cantalupa (To) _bEffatà _c2015 |
||
| 300 | _app.80 | ||
| 500 | _a / maternità, periodo-neonatale, alimentazione, rapporti-madre-figlio, spiritualità / Afferma l'A.: «Come madre so che ciò che do alla mia bambina non è solo latte, ma me stessa, fisicamente, affettivamente e spiritualmente: in quella dolce sostanza è contenuto simbolicamente e nei fatti il mio donarmi a lei. Non posso non pensare a tutti quei momenti nei quali Maria ha stretto a sé il suo bambino alimentandolo di se stessa, in un dialogo silenzioso e innamorato. L'arte ha provato a descriverli, ma credo che chi ha allattato sappia che è molto di più di quanto qualsiasi artista riesca a dire è la spiritualità dell'allattamento che Maria ci insegna, col suo tenere gli occhi fissi su Gesù, amandolo e donandosi a Lui, senza azioni eclatanti, ma con la semplice ripetitività di un gesto che dona vita». | ||
| 650 | _agenitorialità | ||
| 942 | _cBK | ||
| 957 | _71 | ||
| 999 |
_a53167 _bsi _g1 _c209846 _d209846 |
||